000 01446cab a2200181 4500
001 L129753
008 050518n2005 000 0 eng u
035 _a(Sirsi) u129753
041 _aeng
245 _aBuy to let is now the prime source of rental property
260 _c2005
490 _aAgreement
_v12(2) April 2005, 12-13(2)
520 _aDiscusses the results of recent research by the Association of Residential Letting Agents (ARLA), surveying member firms on the sources of rental property and the types and lengths of tenancies. Key findings are: the average length of tenancies is 15 months with the majority of them arranged as assured shorthold tenancies; 44.2% of tenants stay in the same property for between 13 and 18 months; buy to let investments constitute nearly 60% of all properties coming to the rental market; and landlords letting their own homes supply over 25% of the properties coming on the market with only 10% belonging to corporate landlords. Also comments on the latest quarterly survey of ARLA letting agents, Paragon Mortgages report on rents and yields and the Council of Mortgage Lenders' figures on the number of buy to let landlords unable to meet their mortgage payments.
590 _aIKA190505
690 _aPROPERTY-RESIDENTIAL PROPERTY-RESIDENTIAL LANDLORD AND TENANT
856 _uhttps://www.arla.co.uk/news/08032005.htm
_zView the ARLA report free of charge at www.arla.co.uk...
942 _n0
999 _c75248
_d75248